000 01136nam a2200289Ia 4500
008 0000001990 usad 0000000000eng00
090 _aPRU00 C31m1
100 1 _aChagall, Marc
_d1887
245 1 0 _aMarc Chagall
_c/ photographic Allen Green
300 _a52 p.
_c/ 29 cm.
500 _aExposición realizada en International Gallery, Chicago, mayo 1013, 1990 \ Con el patronazgo del maestro venezolano Jesús Rafael Soto (q.e.p.d.)
501 _aMarc Chagall : why have we become so anXiouè
505 _aOBRAS : Autoportrait a la chèvere La brance Mère et enfant Sirène au pin Autour de la Flute enchantée Moise Autoportrait
600 0 0 _aCHAGALL, MARC, 18871985/
_xTRABAJOS PICTORICOS
650 1 4 _aARTE MODERNO RUSO
650 1 4 _aARTISTAS PLASTICOS RUSOS
650 1 4 _xCATALOGOS
650 1 4 _aESCULTURA EN BRONCE
650 1 4 _aESCULTURA EN MARMOL
650 1 4 _aESCULTURA RUSA
650 1 4 _xEXPOSICIONES
650 1 4 _aGOUACHE (PINTURA)
650 1 4 _aPINTORES RUSOS
650 1 4 _aPINTURA AL OLEO
650 1 4 _aPINTURA MODERNA RUSA
999 _c1544
_d1544
260 _aNew York : Enrico Navarra Gallery
_c1990